000 00293nam a22001337a 4500
008 171102b xxu||||| |||| 00| 0 eng d
020 _a0135571588
041 _aeng
080 _23RD
_a339.138
100 _a60
101 _aMAR
245 _aMARKETING CHANNELS
_cSTERN,L.W
942 _2udc
_cBK
999 _c37325
_d37325